[Event "ZH-2022-0-01977"]
[Site "LSS email"]
[Date "2022.01.16"]
[Round "?"]
[White "Ottolini, Graziano"]
[Black "Ozen, Bahadir"]
[Result "1/2-1/2"]
[WhiteElo "2189"]
[BlackElo "2226"]
[PlyCount "50"]
[EventDate "2022.01.15"]
[EventType "match (corr)"]
[EventRounds "2"]
[EventCountry "GER"]
[SourceTitle "Corr 2024"]
[Source "ChessBase"]
[SourceDate "2023.10.19"]
[SourceVersion "1"]
[SourceVersionDate "2023.10.19"]
[SourceQuality "1"]

1. e4 c6 2. d4 d5 3. f3 e6 4. Nc3 Bb4 5. Bd2 Ne7 6. a3 Ba5 7. Bd3 Nd7 8. f4 Bxc3 9. Bxc3 dxe4 10. Bxe4 Qc7 11. Qf3 0-0 12. Ne2 a5 13. Qg3 Nf5 14. Bxf5 exf5 15. 0-0-0 f6 16. d5 cxd5 17. Bd4 b6 18. Rhe1 Nc5 19. Bxc5 Qxc5 20. Qd3 Re8 21. Nd4 Re4 22. Nb3 Qc6 23. Rxe4 fxe4 24. Qxd5+ Qxd5 25. Rxd5 Be6 1/2-1/2

[Event "ZH-2021-0-01899"]
[Site "LSS email"]
[Date "2021.03.08"]
[Round "?"]
[White "Ottolini, Graziano"]
[Black "Enev, Zlatko"]
[Result "1/2-1/2"]
[WhiteElo "2171"]
[BlackElo "2377"]
[PlyCount "41"]
[EventDate "2021.02.27"]
[EventType "match (corr)"]
[EventRounds "2"]
[EventCountry "GER"]
[SourceTitle "Corr 2022"]
[Source "ChessBase"]
[SourceDate "2021.10.24"]
[SourceVersion "1"]
[SourceVersionDate "2021.10.24"]
[SourceQuality "1"]

1. c4 Nf6 2. Nc3 b6 3. d4 Bb7 4. Nf3 e6 5. a3 d5 6. cxd5 exd5 7. Bf4 Bd6 8. Bxd6 Qxd6 9. e3 0-0 10. Be2 c5 11. Rc1 Nbd7 12. 0-0 a6 13. a4 Rfc8 14. a5 bxa5 15. Ra1 Qb6 16. Ra2 Bc6 17. Qa1 a4 18. Nxa4 Bxa4 19. Rxa4 a5 20. h3 g6 21. Rd1 1/2-1/2

[Event "Panevezys op-A 28th"]
[Site "Panevezys"]
[Date "2015.08.19"]
[Round "4"]
[White "Bucinskas, Lukas"]
[Black "Ottolini, Graziano"]
[Result "1/2-1/2"]
[WhiteElo "1832"]
[BlackElo "1996"]
[PlyCount "67"]
[EventDate "2015.08.17"]
[EventType "swiss"]
[EventRounds "9"]
[EventCountry "LTU"]
[SourceTitle "EXT 2016"]
[Source "ChessBase"]
[SourceDate "2015.10.08"]
[SourceVersion "1"]
[SourceVersionDate "2015.10.08"]
[SourceQuality "1"]

1. c4 Nf6 2. g3 e6 3. Nc3 d5 4. cxd5 exd5 5. d4 Be7 6. Bg5 0-0 7. Bg2 c6 8. Nf3 Nbd7 9. 0-0 h6 10. Bxf6 Nxf6 11. Qc2 Re8 12. Rab1 Bg4 13. b4 a6 14. e3 Qc8 15. Qb3 Bd6 16. Rfc1 Qf5 17. Ne1 Bh3 18. Qc2 Qh5 19. Qe2 Bg4 20. Qf1 Bf5 21. Rb3 Re7 22. a4 Bg4 23. h3 Bd7 24. b5 axb5 25. axb5 Ra3 26. Rxa3 Bxa3 27. Rb1 Qg6 28. bxc6 bxc6 29. Rb6 Re6 30. Nd3 Bd6 31. Qe2 Nh5 32. g4 Nf4 33. Nxf4 Bxf4 34. Qf3 1/2-1/2

[Event "Omegna op-A 2nd"]
[Site "Omegna"]
[Date "2014.08.09"]
[Round "1"]
[White "Ottolini, Graziano"]
[Black "Vezzosi, Paolo"]
[Result "0-1"]
[WhiteElo "1984"]
[BlackElo "2274"]
[PlyCount "96"]
[EventDate "2014.08.08"]
[EventType "swiss"]
[EventRounds "5"]
[EventCountry "ITA"]
[SourceTitle "EXT 2024"]
[Source "ChessBase"]
[SourceDate "2023.10.10"]
[SourceVersion "1"]
[SourceVersionDate "2023.10.10"]
[SourceQuality "1"]

1. e4 c5 2. Nf3 Nc6 3. c3 Nf6 4. e5 Nd5 5. d4 cxd4 6. Bc4 Nb6 7. Bb3 d5 8. exd6 Qxd6 9. cxd4 Bf5 10. Nc3 e6 11. h3 Rd8 12. Be3 Be7 13. 0-0 0-0 14. Qe2 Bf6 15. Rfd1 Nb4 16. Rac1 N4d5 17. Bg5 Bxg5 18. Nxg5 Rfe8 19. Qf3 Qe7 20. Qg3 Bg6 21. Nf3 Bh5 22. Rd2 Bxf3 23. Qxf3 Nf6 24. d5 exd5 25. Nxd5 Nbxd5 26. Bxd5 Qb4 27. Rcd1 Rxd5 28. Rxd5 Nxd5 29. Rxd5 Qxb2 30. Rd7 Qxa2 31. Qxb7 a6 32. Qc6 h6 33. g3 Re6 34. Rd8+ Kh7 35. Qc5 Qb1+ 36. Kh2 Qe4 37. Rd4 Qg6 38. Rg4 Qf6 39. Rf4 Qe7 40. Qf5+ Kg8 41. Rc4 g6 42. Qf4 Qf6 43. Qb8+ Kg7 44. Rf4 Qe5 45. Qb7 Rf6 46. Rxf6 Qxf6 47. Kg2 a5 48. Qb3 Qa1 0-1

[Event "Wroclaw op 10"]
[Site "Wroclaw"]
[Date "2011.10.30"]
[Round "4"]
[White "Bes, Michal"]
[Black "Ottolini, Graziano"]
[Result "1-0"]
[WhiteElo "1883"]
[BlackElo "2049"]
[PlyCount "74"]
[EventDate "2011.10.28"]
[EventType "swiss"]
[EventRounds "5"]
[EventCountry "POL"]
[SourceTitle "EXT 2013"]
[Source "ChessBase"]
[SourceDate "2012.11.22"]
[SourceVersion "1"]
[SourceVersionDate "2012.11.22"]
[SourceQuality "1"]

1. d4 Nf6 2. Nc3 d5 3. Bg5 e6 4. e4 dxe4 5. Nxe4 Be7 6. Bxf6 Bxf6 7. Nf3 0-0 8. Nxf6+ Qxf6 9. Bd3 c5 10. Qe2 Nc6 11. dxc5 Qxb2 12. 0-0 g6 13. Qe3 Qg7 14. Rab1 e5 15. Ng5 f6 16. Bc4+ Kh8 17. Ne4 Nd4 18. Rb2 Qc7 19. Bd5 Rb8 20. Qa3 Be6 21. c4 a6 22. Rd1 Bd7 23. Qg3 Nf5 24. Qb3 Nd4 25. Qg3 Nf5 26. Qb3 Nd4 27. Qb6 Qxb6 28. Rxb6 Bc6 29. Rdb1 a5 30. Bxc6 Nxc6 31. Nd6 Nd8 32. Kf1 f5 33. Nxb7 Rc8 34. Nxa5 Rxc5 35. R1b5 Rxb5 36. cxb5 Nf7 37. Nc6 Ra8 1-0